Piłkarze Legii Warszawa - nagła śmierć - Statystyki

Ogólne statystyki
  • Ten quiz został rozwiązany 68 razy
  • Średni wynik to 6 z 22
Answers on the Grid
Answers color-coded by a green-red scale on the quiz's grid according to % correct below.
Marcin Baszczyński
Ariel Borysiuk
Jerzy Brzęczek
Krzysztof Bukalski
Andrzej Buncol
Marek Citko
Ryszard Cyroń
Dariusz Czykier
Lesław Ćmikiewicz
Jacek Dembiński
Dariusz Dziekanowski
Dariusz Dźwigała
Tomasz Frankowski
Robert Gadocha
Marcin Jałocha
Marian Janoszka
Tomasz Jodłowiec
Andrzej Juskowiak
Bartosz Karwan
Marek Koniarek
Juliusz Kruszankin
Jacek Krzynówek
Tomasz Kupisz
Marek Kusto
Grzegorz Lato
Roman Madej
Stefan Majewski
Zbigniew Mandziejewicz
Radosław Matusiak
Radosław Michalski
Adrian Mierzejewski
Marcin Mięciel
Gražvydas Mikulėnas
Sebastian Mila
Arkadiusz Milik
Mariusz Mowlik
Ján Mucha
Adam Nawałka
Mirosław Okoński
Mariusz Pawełek
Michał Probierz
Zbigniew Robakiewicz
Euzebiusz Smolarek
Ryszard Staniek
Andrzej Szarmach
Mariusz Śrutwa
Marek Świerczewski
Antoni Trzaskowski
Tomasz Wałdoch
Robert Warzycha
Jacek Ziober
Władysław Żmuda
 
Statystyki odpowiedzi
Odpowiedź % Poprawnych
Ariel Borysiuk
88%
Tomasz Jodłowiec
71%
Dariusz Dziekanowski
54%
Ján Mucha
46%
Bartosz Karwan
35%
Marek Citko
35%
Marcin Mięciel
33%
Robert Gadocha
27%
Dariusz Czykier
23%
Andrzej Buncol
19%
Ryszard Staniek
19%
Marcin Jałocha
17%
Mirosław Okoński
17%
Radosław Michalski
17%
Zbigniew Mandziejewicz
17%
Zbigniew Robakiewicz
17%
Lesław Ćmikiewicz
15%
Stefan Majewski
15%
Mariusz Śrutwa
13%
Juliusz Kruszankin
6%
Antoni Trzaskowski
4%
Marek Kusto
4%
Nie znaleziono quizów pasujących do podanych kryteriów
Rozkład punktacji
Procent ludzi z każdym wynikiem
Percentyl według liczby udzielonych odpowiedzi
Twoja historia wyników
Nie rozwiązałeś tego quizu